| 000 | 00429nam a22001577a 4500 | ||
|---|---|---|---|
| 008 | 220307b |||||||| |||| 00| 0 eng d | ||
| 020 | _a1138204003 | ||
| 050 |
_aTX360 _b.W55 2018 |
||
| 100 | _aWilde, Parke | ||
| 245 |
_aFood policy in the United States _bAn Introduction _c Parke wilde |
||
| 250 | _a2nd ed. | ||
| 260 |
_aNew York _bRoutledge _c2018 |
||
| 300 | _axiv, 261p. | ||
| 650 | _aNutrition policy | ||
| 942 |
_2lcc _cBK |
||
| 999 |
_c19251 _d19250 |
||